MARC

LEADER 00000nam0a2200000 4500
001 295620
005 20231102000828.0
020 |a RU  |b 84-28954ж 
035 |a (RuTPU)RU\TPU\book\320708 
090 |a 295620 
100 |a 20150525d1984 k y0rusy5003 ca 
101 0 |a rus 
102 |a RU 
105 |a a z 001zy 
200 1 |a Вопросы эволюционной морфологии брахиопод  |f Академия наук СССР (АН СССР), Палеонтологический институт (ПИН) ; отв. ред. Е. А. Иванова , Г. А. Афанасьева 
210 |a Москва  |c Наука  |d 1984 
215 |a 151 с.  |c ил.  |d 24 см 
225 1 |a Труды Палеонтологического института  |a Т. 199 
320 |a Библиография в конце статей 
606 1 |a Брахиоподы  |2 stltpush  |3 (RuTPU)RU\TPU\subj\72117  |9 85703 
610 1 |a эволюционная морфология 
610 1 |a изучение 
610 1 |a морфологические исследования 
610 1 |a морфогенез 
610 1 |a виды 
610 1 |a разграничение 
610 1 |a карбон 
610 1 |a Подмосковье 
610 1 |a продуктиды 
610 1 |a маргинальные образования 
610 1 |a гомеоморфия 
675 |a 564.8  |z rus  |v 4 
702 1 |a Иванова  |b Е. А.  |g Елена Алексеевна  |4 340 
702 1 |a Афанасьева  |b Г. А.  |4 340 
712 0 2 |a Академия наук СССР (АН СССР)  |b Палеонтологический институт (ПИН)  |c (Москва)  |2 stltpush  |3 (RuTPU)RU\TPU\col\11384 
801 0 |a RU  |b RuMRKP  |c 19950704  |g psbo 
801 1 |a RU  |b 63413507  |c 20150525 
801 2 |a RU  |b 63413507  |c 20170725  |g RCR 
942 |c BK